[Event "Barcelona Sant Marti op-A 22nd"]
[Site "Barcelona"]
[Date "2022.07.17"]
[Round "5"]
[White "Sudarshan, Bhat"]
[Black "Barros, Raul Junior"]
[Result "1-0"]
[WhiteElo "2001"]
[BlackElo "2174"]
[PlyCount "89"]
[EventDate "2022.07.13"]
[EventType "swiss"]
[EventRounds "9"]
[EventCountry "ESP"]
[SourceTitle "CBM 209 Extra"]
[Source "ChessBase"]
[SourceDate "2022.09.30"]
[SourceVersion "1"]
[SourceVersionDate "2022.09.30"]
[SourceQuality "1"]

1. e4 c5 2. c3 d5 3. exd5 Qxd5 4. d4 Nf6 5. Nf3 e6 6. Na3 cxd4 7. Nb5 Na6 8. Nbxd4 Be7 9. Be2 0-0 10. 0-0 Rd8 11. Bf4 Bd6 12. Bxd6 Qxd6 13. Re1 Nc5 14. Bc4 Bd7 15. Ne5 Be8 16. Qf3 Nfd7 17. Nxd7 Bxd7 18. Re3 Bc6 19. Qg4 Bd5 20. Nb5 Qe7 21. Bf1 b6 22. h4 Bb7 23. Nd4 Qf6 24. Rae1 h6 25. Nf3 Rd6 26. Qg3 Rad8 27. b4 Na4 28. Ne5 h5 29. Nc4 Rd5 30. Rf3 Rf5 31. Rxf5 exf5 32. Qc7 Be4 33. Ne5 Re8 34. f4 Re7 35. Qd8+ Kh7 36. Nf3 Kg6 37. Qf8 Bxf3 38. Qxe7 Qxe7 39. Rxe7 Bd5 40. c4 Be6 41. Rxa7 Nc3 42. Ra6 b5 43. cxb5 Nxa2 44. Rxa2 Bxa2 45. b6 1-0

[Event "Barcelona Sant Marti op-A 22nd"]
[Site "Barcelona"]
[Date "2022.07.16"]
[Round "4"]
[White "Barros, Raul Junior"]
[Black "Rounaiv, Rana"]
[Result "1-0"]
[WhiteElo "2174"]
[BlackElo "1852"]
[PlyCount "73"]
[EventDate "2022.07.13"]
[EventType "swiss"]
[EventRounds "9"]
[EventCountry "ESP"]
[SourceTitle "CBM 209 Extra"]
[Source "ChessBase"]
[SourceDate "2022.09.30"]
[SourceVersion "1"]
[SourceVersionDate "2022.09.30"]
[SourceQuality "1"]

1. e4 c5 2. Nf3 d6 3. d4 cxd4 4. Nxd4 Nf6 5. Nc3 a6 6. g3 e5 7. Nde2 Be7 8. Bg2 b5 9. Nd5 Nbd7 10. Nec3 Bb7 11. Be3 0-0 12. 0-0 Nxd5 13. Nxd5 Bxd5 14. Qxd5 Qc7 15. c3 Nb6 16. Qd3 Nc4 17. Bc1 Rfc8 18. b3 Nb6 19. Bb2 Qc5 20. Rfd1 Rd8 21. Bc1 Qc7 22. Be3 Nd7 23. Rac1 h6 24. Qe2 Nf6 25. c4 b4 26. f4 exf4 27. gxf4 Re8 28. Bf3 Nd7 29. Qg2 Rad8 30. Kh1 Bf6 31. Rd5 Nf8 32. Rh5 Ne6 33. Rxh6 Bd4 34. Bxd4 Nxd4 35. Rg1 f5 36. Qg6 Qf7 37. Rh8+ 1-0

[Event "Barbera del Valles op 44th"]
[Site "Barbera del Valles"]
[Date "2022.07.04"]
[Round "1"]
[White "Nambiar, Vivek"]
[Black "Barros, Raul Junior"]
[Result "0-1"]
[WhiteElo "1870"]
[BlackElo "2174"]
[PlyCount "126"]
[EventDate "2022.07.04"]
[EventType "swiss"]
[EventRounds "9"]
[EventCountry "ESP"]
[SourceTitle "EXT 2023"]
[Source "ChessBase"]
[SourceDate "2022.10.05"]
[SourceVersion "1"]
[SourceVersionDate "2022.10.05"]
[SourceQuality "1"]

1. Nf3 c5 2. c4 Nf6 3. Nc3 e6 4. e3 d5 5. d4 dxc4 6. Bxc4 Nc6 7. 0-0 cxd4 8. exd4 Be7 9. Re1 0-0 10. Bf4 b6 11. Rc1 Bb7 12. a3 Rc8 13. Ba2 a6 14. d5 exd5 15. Nxd5 Nxd5 16. Bxd5 b5 17. Rxe7 Qxe7 18. Bd6 Qf6 19. Bxf8 Rxf8 20. Bxc6 Bxc6 21. Qd4 Qh6 22. Qe3 Qg6 23. Nh4 Qf6 24. Nf5 Re8 25. Qc5 h6 26. Ne3 Bb7 27. Qb4 Qg5 28. Qg4 Qxg4 29. Nxg4 Re2 30. f3 h5 31. Rc7 Bd5 32. Rc5 hxg4 33. Rxd5 gxf3 34. gxf3 Rxb2 35. Rd8+ Kh7 36. Ra8 Rb3 37. Rxa6 Rxf3 38. a4 bxa4 39. Rxa4 Rb3 40. Kg2 Kg6 41. Rg4+ Kf6 42. Rf4+ Ke6 43. Rg4 g6 44. Rf4 g5 45. Ra4 f5 46. Ra6+ Ke5 47. Ra4 g4 48. Ra2 f4 49. Kf2 Rf3+ 50. Kg1 Rd3 51. Kg2 Ke4 52. Ra4+ Rd4 53. Ra2 Rc4 54. Rd2 Rc3 55. Re2+ Kd3 56. Re8 Rc2+ 57. Kg1 Re2 58. Rg8 Ke3 59. Rxg4 Re1+ 60. Kg2 f3+ 61. Kh3 f2 62. Rg3+ Ke2 63. Rg2 Rg1 0-1

[Event "COL-ch"]
[Site "Quibdo"]
[Date "2015.11.13"]
[Round "6"]
[White "Barros, Raul Junior"]
[Black "Ortega, Daniel"]
[Result "1-0"]
[WhiteElo "2156"]
[BlackElo "1976"]
[PlyCount "107"]
[EventDate "2015.11.10"]
[EventType "swiss"]
[EventRounds "9"]
[EventCountry "COL"]
[SourceTitle "CBM 169 Extra"]
[Source "ChessBase"]
[SourceDate "2015.12.18"]
[SourceVersion "1"]
[SourceVersionDate "2015.12.18"]
[SourceQuality "1"]

1. e4 e5 2. Nf3 Nc6 3. d4 exd4 4. Nxd4 Bc5 5. Nb3 Bb6 6. Nc3 Nf6 7. Qe2 d6 8. f3 Be6 9. Be3 Qe7 10. 0-0-0 0-0-0 11. Nd4 Nxd4 12. Bxd4 Rhe8 13. Bxb6 axb6 14. Qb5 Nd7 15. Kb1 c6 16. Qb4 Kc7 17. Bc4 b5 18. Bxb5 cxb5 19. Nxb5+ Kb8 20. Qa5 Nc5 21. Qa7+ Kc8 22. Qb6 Bc4 23. Na7+ Kd7 24. Qxc5 Ba6 25. Rd2 Ra8 26. Rhd1 Red8 27. Rxd6+ Ke8 28. Nb5 Bxb5 29. Qxb5+ Kf8 30. Rd7 Rxd7 31. Qxd7 g6 32. Qxe7+ Kxe7 33. c4 Ke6 34. b3 f5 35. exf5+ gxf5 36. Kb2 Ke5 37. Rd7 h5 38. g3 h4 39. Rd5+ Ke6 40. f4 Rg8 41. Rd3 h3 42. b4 Kf6 43. Rd6+ Kg7 44. Kc3 Ra8 45. Rd2 Kg6 46. c5 Kh5 47. b5 Re8 48. b6 Re1 49. a4 Kg4 50. a5 Rc1+ 51. Rc2 Rb1 52. a6 bxa6 53. c6 Rxb6 54. c7 1-0

[Event "COL-ch"]
[Site "Quibdo"]
[Date "2015.11.13"]
[Round "7"]
[White "Zuluaga Mancilla, Cesar"]
[Black "Barros, Raul Junior"]
[Result "1/2-1/2"]
[WhiteElo "2337"]
[BlackElo "2156"]
[PlyCount "214"]
[EventDate "2015.11.10"]
[EventType "swiss"]
[EventRounds "9"]
[EventCountry "COL"]
[SourceTitle "CBM 169 Extra"]
[Source "ChessBase"]
[SourceDate "2015.12.18"]
[SourceVersion "1"]
[SourceVersionDate "2015.12.18"]
[SourceQuality "1"]

1. d4 d5 2. Nf3 c6 3. Bf4 Nf6 4. e3 e6 5. Nbd2 Be7 6. Bd3 0-0 7. h3 Nbd7 8. 0-0 Re8 9. Bh2 Bf8 10. Re1 c5 11. c3 b6 12. Ne5 Bb7 13. Qb1 g6 14. f4 Bg7 15. Rf1 Rf8 16. Qc2 Nxe5 17. fxe5 Nd7 18. Nf3 Qe7 19. Qe2 f6 20. exf6 Bxf6 21. e4 e5 22. dxe5 Nxe5 23. Bxe5 Bxe5 24. exd5 Bd6 25. Qxe7 Bxe7 26. Bc4 Kg7 27. Rfe1 Bf6 28. Rad1 Rad8 29. a4 Rd6 30. Re6 Rxe6 31. dxe6 Rd8 32. Re1 Bxf3 33. gxf3 Kf8 34. Re2 Ke7 35. f4 Rd6 36. Kg2 a6 37. Kf3 b5 38. axb5 axb5 39. Bxb5 Rxe6 40. Rg2 Bg7 41. Bc4 Rf6 42. Ke4 Rd6 43. Rg5 Rc6 44. Bg8 h6 45. Rg1 Kf8 46. Bd5 Rb6 47. Ra1 Bf6 48. Ra7 Be7 49. b3 Rf6 50. Ra8+ Kg7 51. Ra7 Kf8 52. Bc4 Bd6 53. Kd5 Be7 54. Ke4 Bd6 55. Ra6 Ke7 56. Ra7+ Kf8 57. Kd5 Be7 58. Ke5 Rf5+ 59. Ke4 Rf6 60. Ra1 Bd6 61. Rf1 Ke7 62. Bd3 Rf5 63. Ke3 Rf6 64. Rf3 Kf7 65. Be4 Ke7 66. f5 gxf5 67. Bxf5 Bc7 68. Kd3 Kd6 69. Ke4 Rf8 70. Rf1 Ba5 71. Kd3 Ke5 72. Re1+ Kf4 73. Bg4 Rf6 74. Re4+ Kg3 75. Re5 Bb6 76. Kc4 Kf4 77. Re1 Rg6 78. Ra1 Rg8 79. Rf1+ Kg5 80. Rd1 Rg6 81. Rd5+ Kf4 82. Rd7 Ke3 83. Kb5 Rf6 84. Rb7 Bd8 85. Kxc5 h5 86. Bc8 h4 87. Bg4 Rf8 88. b4 Kd3 89. c4 Bg5 90. Kd5 Kc3 91. c5 Rf4 92. b5 Rd4+ 93. Kc6 Kb4 94. Rf7 Rc4 95. Rf5 Be3 96. b6 Rxc5+ 97. Rxc5 Bxc5 98. b7 Ba7 99. Kd5 Bb8 100. Kc6 Ka5 101. Be2 Bg3 102. Bf1 Bf4 103. Kc5 Bg3 104. Be2 Bf4 105. Kc6 Bg3 106. Bf1 Bf4 107. Bg2 Bg3 1/2-1/2

[Event "COL-ch"]
[Site "Quibdo"]
[Date "2015.11.12"]
[Round "5"]
[White "Leano Amezquita, Humberto"]
[Black "Barros, Raul Junior"]
[Result "0-1"]
[WhiteElo "1888"]
[BlackElo "2156"]
[PlyCount "84"]
[EventDate "2015.11.10"]
[EventType "swiss"]
[EventRounds "9"]
[EventCountry "COL"]
[SourceTitle "CBM 169 Extra"]
[Source "ChessBase"]
[SourceDate "2015.12.18"]
[SourceVersion "1"]
[SourceVersionDate "2015.12.18"]
[SourceQuality "1"]

1. d4 d5 2. Bf4 c6 3. e3 Nf6 4. c4 e6 5. Nc3 Qa5 6. Qb3 Nbd7 7. Nf3 Be7 8. h3 0-0 9. Be2 dxc4 10. Bxc4 Nb6 11. Bd3 Nbd5 12. Bg3 Nb4 13. Bb1 b6 14. 0-0 Ba6 15. Rd1 Qh5 16. e4 c5 17. a3 Nc6 18. d5 Nd4 19. Nxd4 cxd4 20. Rxd4 Bc5 21. Rd1 Qg5 22. Na4 exd5 23. Nxc5 bxc5 24. exd5 Be2 25. Re1 Rfe8 26. d6 Bb5 27. Rxe8+ Bxe8 28. Bd3 Bc6 29. Bc4 Ne4 30. Bxf7+ Kh8 31. Rd1 Rd8 32. Kh2 Nxd6 33. h4 Qf6 34. Bxd6 Qxh4+ 35. Kg1 Ba4 36. Qd3 Bxd1 37. Qxd1 Qf6 38. Qc2 Qxd6 39. Bb3 Qd4 40. Bc4 Qd1+ 41. Qxd1 Rxd1+ 42. Kh2 Rd2 0-1

[Event "COL-ch blitz"]
[Site "Quibdo"]
[Date "2015.11.08"]
[Round "11"]
[White "Barros, Raul Junior"]
[Black "Martinez Zuluaica, Julian"]
[Result "0-1"]
[WhiteElo "2194"]
[BlackElo "2276"]
[PlyCount "74"]
[EventDate "2015.11.08"]
[EventType "swiss (blitz)"]
[EventRounds "18"]
[EventCountry "COL"]
[SourceTitle "CBM 169 Extra"]
[Source "ChessBase"]
[SourceDate "2015.12.18"]
[SourceVersion "1"]
[SourceVersionDate "2015.12.18"]
[SourceQuality "1"]

1. e4 d5 2. exd5 Qxd5 3. Nc3 Qa5 4. d4 Nf6 5. Nf3 Bg4 6. h3 Bh5 7. g4 Bg6 8. Bg2 c6 9. 0-0 e6 10. Ne5 Nbd7 11. Bf4 Nxe5 12. Bxe5 Nd7 13. Bg3 Bb4 14. Ne4 0-0 15. c3 Be7 16. Qe2 f5 17. gxf5 exf5 18. Nd6 Bxd6 19. Qe6+ Kh8 20. Qxd6 Nf6 21. b4 Qa3 22. Rfc1 Ne4 23. Bxe4 fxe4 24. Qe7 Rf7 25. Qe6 Rf3 26. d5 cxd5 27. Qxd5 Raf8 28. c4 Rxg3+ 29. fxg3 Qxg3+ 30. Kh1 Qxh3+ 31. Kg1 Qg4+ 32. Kh1 Qh4+ 33. Kg1 Rf5 34. Qxf5 Bxf5 35. Rf1 e3 36. Rae1 Qg3+ 37. Kh1 Be4+ 0-1

[Event "COL-ch blitz"]
[Site "Quibdo"]
[Date "2015.11.08"]
[Round "14"]
[White "Cadena Montoya, Gustavo Adolfo"]
[Black "Barros, Raul Junior"]
[Result "1-0"]
[WhiteElo "2191"]
[BlackElo "2194"]
[PlyCount "127"]
[EventDate "2015.11.08"]
[EventType "swiss (blitz)"]
[EventRounds "18"]
[EventCountry "COL"]
[SourceTitle "CBM 169 Extra"]
[Source "ChessBase"]
[SourceDate "2015.12.18"]
[SourceVersion "1"]
[SourceVersionDate "2015.12.18"]
[SourceQuality "1"]

1. Nf3 c5 2. e4 e6 3. b4 cxb4 4. a3 Nc6 5. axb4 Bxb4 6. c3 Be7 7. d4 d6 8. Bd3 Nf6 9. 0-0 0-0 10. c4 Nb4 11. Ba3 Nxd3 12. Qxd3 d5 13. e5 Ne4 14. Bxe7 Qxe7 15. c5 Bd7 16. Nc3 Ng5 17. Nxg5 Qxg5 18. f4 Qe7 19. Nd1 f6 20. Ne3 fxe5 21. fxe5 a6 22. Ng4 Bb5 23. Rxf8+ Rxf8 24. Qe3 Qh4 25. h3 h5 26. Nh2 Qf4 27. Qxf4 Rxf4 28. Nf3 Kf8 29. Ra2 Ke7 30. Rf2 a5 31. Rb2 Bc6 32. Kf2 Rf8 33. h4 a4 34. Ra2 Ra8 35. Ra3 Ra6 36. Kg3 b6 37. cxb6 Rxb6 38. Kf4 Rb3 39. Ra2 a3 40. Kg5 Rc3 41. Kxh5 Bb5 42. Kg6 Bc4 43. Ra1 a2 44. Kxg7 Rc2 45. g4 Rb2 46. h5 Rb1 47. Rxa2 Bxa2 48. h6 Rh1 49. h7 Bc4 50. h8Q Rxh8 51. Kxh8 Be2 52. Nh2 Kf7 53. Kh7 Bd3+ 54. Kh6 Be2 55. Kg5 Kg7 56. Kh5 Kh7 57. Kg5 Kg7 58. Kf4 Kg6 59. Ke3 Bb5 60. Nf3 Ba4 61. Kf4 Bc2 62. Nd2 Bd3 63. Nb3 Bc2 64. Nc5 1-0

[Event "COL-ch blitz"]
[Site "Quibdo"]
[Date "2015.11.08"]
[Round "3"]
[White "Valdeblanquez, Jeiner Jair"]
[Black "Barros, Raul Junior"]
[Result "0-1"]
[WhiteElo "1930"]
[BlackElo "2194"]
[PlyCount "52"]
[EventDate "2015.11.08"]
[EventType "swiss (blitz)"]
[EventRounds "18"]
[EventCountry "COL"]
[SourceTitle "CBM 169 Extra"]
[Source "ChessBase"]
[SourceDate "2015.12.18"]
[SourceVersion "1"]
[SourceVersionDate "2015.12.18"]
[SourceQuality "1"]

1. d4 Nf6 2. Nc3 e6 3. e4 d6 4. f4 Be7 5. Nf3 0-0 6. Be3 b6 7. Bd3 Bb7 8. 0-0 c5 9. Kh1 c4 10. Bxc4 Nxe4 11. Nxe4 Bxe4 12. Bd3 Bb7 13. Ng5 g6 14. Qg4 Nd7 15. Qh3 Nf6 16. Rae1 Kg7 17. Bc1 h6 18. Nxe6+ fxe6 19. Qg3 Qe8 20. Rxe6 Bd5 21. Rxe7+ Qxe7 22. Qxg6+ Kh8 23. Qxh6+ Nh7 24. c3 Rg8 25. Rf2 Qe1+ 26. Bf1 Qxf2 0-1

[Event "Candelaria Cup"]
[Site "Cartagena"]
[Date "2014.02.01"]
[Round "3"]
[White "Tovio, Israel"]
[Black "Barros, Raul Junior"]
[Result "1/2-1/2"]
[WhiteElo "2303"]
[BlackElo "2145"]
[PlyCount "74"]
[EventDate "2014.01.31"]
[EventType "tourn"]
[EventRounds "5"]
[EventCountry "COL"]
[SourceTitle "EXT 2018"]
[Source "ChessBase"]
[SourceDate "2017.10.13"]
[SourceVersion "1"]
[SourceVersionDate "2017.10.13"]
[SourceQuality "1"]

1. e4 c5 2. Nf3 e6 3. d4 cxd4 4. Nxd4 Nf6 5. Nc3 a6 6. e5 Ng8 7. Bd3 d6 8. exd6 Bxd6 9. Qg4 Nf6 10. Qxg7 Rg8 11. Qh6 Rxg2 12. Ne4 Be5 13. Nf3 Nxe4 14. Bxe4 Qb6 15. Qd2 Rg4 16. Bxh7 Bxb2 17. Bxb2 Qxb2 18. Rd1 Bd7 19. h3 Rg7 20. Bd3 Qf6 21. Be4 Bc6 22. Bxc6+ Nxc6 23. Qd7+ Kf8 24. Qxb7 Qc3+ 25. Nd2 Rd8 26. Qb3 Qe5+ 27. Qe3 Qd5 28. Qe4 Qd6 29. Kf1 f5 30. Qh4 Ne5 31. Re1 Kf7 32. Rxe5 Qxe5 33. Qxd8 Qa1+ 34. Ke2 Qxa2 35. Qd7+ Kf6 36. Qd8+ Kf7 37. Qd7+ Kf6 1/2-1/2

[Event "COL-ch sf"]
[Site "Medellin"]
[Date "2014.??.??"]
[Round "8"]
[White "Barros, Raul Junior"]
[Black "Contreras, Henry"]
[Result "1/2-1/2"]
[WhiteElo "2167"]
[BlackElo "2212"]
[PlyCount "112"]
[EventDate "2014.04.15"]
[EventType "swiss"]
[EventRounds "11"]
[EventCountry "COL"]
[SourceTitle "CBM 160 Extra"]
[Source "ChessBase"]
[SourceDate "2014.07.01"]
[SourceVersion "1"]
[SourceVersionDate "2014.07.01"]
[SourceQuality "1"]

1. e4 c5 2. Nf3 d6 3. d4 cxd4 4. Nxd4 Nf6 5. Nc3 a6 6. g3 e6 7. Bg2 Qc7 8. 0-0 Be7 9. Be3 Nc6 10. Nde2 b5 11. h3 0-0 12. f4 Bb7 13. a3 Rac8 14. Qe1 Na5 15. b3 Nd7 16. Qf2 Bf6 17. Bd4 e5 18. fxe5 Bxe5 19. Bxe5 dxe5 20. Rad1 Bc6 21. Rd2 Nb7 22. Rfd1 Nf6 23. Qe3 Nd8 24. Nd5 Bxd5 25. exd5 Qd6 26. Nc1 Nb7 27. Nd3 Rfe8 28. Nb4 Nc5 29. Nc6 Ncd7 30. a4 e4 31. axb5 axb5 32. c4 bxc4 33. bxc4 Nc5 34. Kh2 Nfd7 35. Nd4 g6 36. Nb5 Qb8 37. d6 f5 38. Nc7 Rxc7 39. dxc7 Qxc7 40. Rd5 Re7 41. Qd4 Kf7 42. Rd6 Ne6 43. Rxd7 Nxd4 44. Rxc7 Rxc7 45. Rxd4 Ke6 46. Kg1 Ra7 47. Bf1 Ra3 48. Kf2 Rf3+ 49. Kg2 Rc3 50. Be2 Ke5 51. Rd5+ Ke6 52. Rd4 Ke5 53. Rd7 g5 54. Rd5+ Kf6 55. Rd4 Ke5 56. Rd5+ Kf6 1/2-1/2

[Event "Medellin Navideno op"]
[Site "Medellin"]
[Date "2013.12.19"]
[Round "3"]
[White "Zapata Cuartas, Juan Carlos"]
[Black "Barros, Raul Junior"]
[Result "0-1"]
[WhiteElo "2091"]
[BlackElo "2160"]
[PlyCount "70"]
[EventDate "2013.12.18"]
[EventType "swiss"]
[EventRounds "9"]
[EventCountry "COL"]
[SourceTitle "CBM 158 Extra"]
[Source "ChessBase"]
[SourceDate "2014.02.28"]
[SourceVersion "1"]
[SourceVersionDate "2014.02.28"]
[SourceQuality "1"]

1. d4 Nf6 2. c4 g6 3. Nc3 d6 4. e4 Bg7 5. Nf3 0-0 6. Be2 c5 7. 0-0 cxd4 8. Nxd4 Nc6 9. Nc2 Be6 10. Be3 Qa5 11. Rb1 Ne5 12. b4 Qc7 13. Nb5 Qd8 14. Qd4 Nc6 15. Qd3 Nxe4 16. Ncd4 Nf6 17. Nxe6 fxe6 18. Bf3 Ne5 19. Qe2 a6 20. Nd4 Qd7 21. Rfd1 Nxf3+ 22. gxf3 e5 23. Nc2 Qh3 24. Ne1 e4 25. Rb3 exf3 26. Qxf3 Qe6 27. Rd4 Nh5 28. Re4 Be5 29. Qg2 Rac8 30. Bh6 Rf5 31. Rc3 Nf6 32. Ree3 Qd7 33. Rc2 Rh5 34. f4 Bd4 35. f5 Rxh6 0-1

[Event "Cartagena Fonducar Juniors Cup 5th"]
[Site "Cartagena"]
[Date "2013.08.17"]
[Round "3.1"]
[White "Barros, Raul Junior"]
[Black "Gomez Guardo, Laura Melissa"]
[Result "1-0"]
[WhiteElo "2160"]
[BlackElo "1820"]
[PlyCount "63"]
[EventDate "2013.08.16"]
[EventType "swiss"]
[EventRounds "7"]
[EventCountry "COL"]
[SourceTitle "EXT 2024"]
[Source "ChessBase"]
[SourceDate "2023.10.10"]
[SourceVersion "1"]
[SourceVersionDate "2023.10.10"]
[SourceQuality "1"]

1. e4 c5 2. Nf3 d6 3. c3 Nc6 4. Be2 Nf6 5. d4 cxd4 6. cxd4 g6 7. 0-0 Bg7 8. Nc3 0-0 9. h3 a6 10. Be3 b5 11. d5 Ne5 12. Nxe5 dxe5 13. a3 Bb7 14. f4 exf4 15. Bxf4 Qb6+ 16. Kh1 Rfd8 17. Bf3 Rac8 18. Qe2 e6 19. Be3 Qd6 20. Bd4 Qe7 21. d6 Qxd6 22. Bxf6 Bxf6 23. e5 Bxf3 24. Qxf3 Bxe5 25. Qxf7+ Kh8 26. Ne4 Qd7 27. Ng5 h6 28. Rad1 Qc7 29. Rxd8+ Rxd8 30. Qf8+ Rxf8 31. Rxf8+ Kg7 32. Nxe6+ 1-0

[Event "COL-ch"]
[Site "Ibague"]
[Date "2013.07.06"]
[Round "9"]
[White "Barros, Raul Junior"]
[Black "Dominguez Rincon, Miller Duvan"]
[Result "1-0"]
[WhiteElo "2161"]
[BlackElo "2035"]
[PlyCount "81"]
[EventDate "2013.07.01"]
[EventType "swiss"]
[EventRounds "11"]
[EventCountry "COL"]
[SourceTitle "EXT 2014"]
[Source "ChessBase"]
[SourceDate "2013.11.20"]
[SourceVersion "1"]
[SourceVersionDate "2013.11.20"]
[SourceQuality "1"]

1. e4 e5 2. Nf3 Nc6 3. d4 exd4 4. Nxd4 Bc5 5. Nb3 Be7 6. Nc3 Nf6 7. Be3 d6 8. f3 h5 9. Qd2 Be6 10. Nd5 Ne5 11. Nxe7 Qxe7 12. Nd4 0-0-0 13. 0-0-0 d5 14. Qa5 a6 15. f4 Neg4 16. Bxa6 Qd6 17. Bb5 c6 18. Nxe6 Nxe3 19. Nxd8 Qxd8 20. Qxd8+ Rxd8 21. Rde1 Nxg2 22. Reg1 Nxf4 23. Rxg7 Rd7 24. e5 Ng4 25. Bd3 Nxd3+ 26. cxd3 Nf2 27. e6 fxe6 28. Rxd7 Kxd7 29. Rg1 Nxd3+ 30. Kc2 Nf4 31. Rg7+ Kc8 32. Rf7 e5 33. Rf5 Ne6 34. Rxe5 Kd7 35. Rxh5 Kd6 36. h4 c5 37. Rh7 b5 38. h5 Ke5 39. Re7 Kf6 40. h6 d4 41. Rxe6+ 1-0

[Event "COL-ch"]
[Site "Ibague"]
[Date "2013.07.04"]
[Round "6"]
[White "Osorio, Alejandro"]
[Black "Barros, Raul Junior"]
[Result "1/2-1/2"]
[WhiteElo "1883"]
[BlackElo "2161"]
[PlyCount "65"]
[EventDate "2013.07.01"]
[EventType "swiss"]
[EventRounds "11"]
[EventCountry "COL"]
[SourceTitle "EXT 2014"]
[Source "ChessBase"]
[SourceDate "2013.11.20"]
[SourceVersion "1"]
[SourceVersionDate "2013.11.20"]
[SourceQuality "1"]

1. d4 Nf6 2. c4 g6 3. Nc3 Bg7 4. e4 d6 5. Bg5 0-0 6. Qd2 Nc6 7. d5 Ne5 8. f4 Ned7 9. Nf3 Nc5 10. Bd3 a5 11. 0-0 Nxd3 12. Qxd3 Nd7 13. Rae1 Nc5 14. Qd2 Re8 15. Nd4 f6 16. Bh4 e5 17. dxe6 Nxe6 18. b3 Nxd4 19. Qxd4 g5 20. Bg3 f5 21. Qd2 gxf4 22. Bxf4 Qf6 23. Nd5 Qf7 24. Re3 Kh8 25. Qd1 Be6 26. Kh1 Bxd5 27. exd5 Rxe3 28. Bxe3 Be5 29. Qf3 Rf8 30. Bh6 Re8 31. Bd2 Rf8 32. Bh6 Re8 33. Bd2 1/2-1/2

[Event "COL-ch"]
[Site "Ibague"]
[Date "2013.07.01"]
[Round "1"]
[White "Ospina Ortiz, Oscar Alexander"]
[Black "Barros, Raul Junior"]
[Result "0-1"]
[WhiteElo "1943"]
[BlackElo "2161"]
[PlyCount "82"]
[EventDate "2013.07.01"]
[EventType "swiss"]
[EventRounds "11"]
[EventCountry "COL"]
[SourceTitle "EXT 2014"]
[Source "ChessBase"]
[SourceDate "2013.11.20"]
[SourceVersion "1"]
[SourceVersionDate "2013.11.20"]
[SourceQuality "1"]

1. d4 Nf6 2. c4 g6 3. Nc3 Bg7 4. Nf3 0-0 5. Bg5 d6 6. e3 Nbd7 7. Be2 c6 8. 0-0 Qc7 9. Qc2 a5 10. a4 e5 11. Rac1 Re8 12. Rfd1 exd4 13. Nxd4 Nc5 14. Bf3 Ng4 15. Ndb5 cxb5 16. Nxb5 Qb8 17. Nxd6 Bd7 18. Bf4 Ne5 19. Nxe8 Bxa4 20. Bxe5 Bxe5 21. Qd2 Bxd1 22. Rxd1 Qxe8 23. Qd5 Qe7 24. h4 Bc7 25. Qg5 Qxg5 26. hxg5 Rd8 27. Rb1 Rd2 28. b4 axb4 29. Rxb4 Rc2 30. Kf1 b6 31. Rb1 Rxc4 32. Bd5 Rc2 33. f4 Rd2 34. Bf3 Rd3 35. Ke2 Rb3 36. Ra1 Rb2+ 37. Kf1 b5 38. Ra7 Bb6 39. Ra8+ Kg7 40. Rb8 Na4 41. e4 Be3 0-1

[Event "COL-ch U20"]
[Site "Florencia"]
[Date "2013.04.07"]
[Round "7"]
[White "Barros, Raul Junior"]
[Black "Martinez Romero, Martin"]
[Result "0-1"]
[WhiteElo "2180"]
[BlackElo "2402"]
[PlyCount "76"]
[EventDate "2013.04.04"]
[EventType "swiss"]
[EventRounds "7"]
[EventCountry "COL"]
[SourceTitle "CBM 153 Extra"]
[Source "ChessBase"]
[SourceDate "2013.04.22"]
[SourceVersion "1"]
[SourceVersionDate "2013.04.22"]
[SourceQuality "1"]

1. e4 c5 2. Nf3 Nc6 3. d4 cxd4 4. Nxd4 Nf6 5. Nc3 d6 6. Be2 e6 7. 0-0 Be7 8. Be3 0-0 9. f4 Bd7 10. Kh1 Nxd4 11. Bxd4 Bc6 12. Bd3 g6 13. Qe2 Nd7 14. Be3 Bf6 15. Rad1 Qe7 16. Nb5 Bxb2 17. Nxa7 Bg7 18. Nxc6 bxc6 19. Bc4 Ra4 20. Qd3 d5 21. exd5 exd5 22. Bb3 Re4 23. Bg1 Nc5 24. Qf3 f5 25. Qf2 Nxb3 26. axb3 Re2 27. Qc5 Qxc5 28. Bxc5 Rfe8 29. c4 dxc4 30. bxc4 Rc2 31. Rc1 Ree2 32. Rg1 Rxg2 33. Rxc2 Rxc2 34. Rd1 Bf6 35. Bd4 Bxd4 36. Rxd4 c5 37. Rd8+ Kg7 38. Rd7+ Kh6 0-1

[Event "COL-ch U20"]
[Site "Florencia"]
[Date "2013.04.06"]
[Round "5"]
[White "Barros, Raul Junior"]
[Black "Valencia, Cristian Johan"]
[Result "1-0"]
[WhiteElo "2180"]
[BlackElo "1933"]
[PlyCount "92"]
[EventDate "2013.04.04"]
[EventType "swiss"]
[EventRounds "7"]
[EventCountry "COL"]
[SourceTitle "CBM 153 Extra"]
[Source "ChessBase"]
[SourceDate "2013.04.22"]
[SourceVersion "1"]
[SourceVersionDate "2013.04.22"]
[SourceQuality "1"]

1. e4 c5 2. Nf3 d6 3. d4 cxd4 4. Nxd4 Nf6 5. Nc3 a6 6. g3 e5 7. Nde2 Qc7 8. Bg2 Be6 9. 0-0 h5 10. h3 h4 11. g4 Nbd7 12. Be3 Rc8 13. Nd5 Bxd5 14. exd5 g6 15. c4 Bg7 16. Rc1 0-0 17. Bg5 Nh7 18. Bxh4 a5 19. a3 f5 20. gxf5 gxf5 21. Ng3 Rf7 22. Qh5 Rcf8 23. Qg6 Nc5 24. Nh5 Nd3 25. Rc2 e4 26. Bg3 Rf6 27. Nxf6+ Rxf6 28. Qe8+ Bf8 29. Bxe4 fxe4 30. Qxe4 Nc5 31. Qg4+ Qg7 32. Qxg7+ Kxg7 33. b4 axb4 34. axb4 Ne4 35. c5 dxc5 36. bxc5 Bxc5 37. Be5 b6 38. Kg2 Nhg5 39. Rc4 Kg6 40. f4 Nd2 41. Bxf6 Nxf1 42. Kxf1 Nxh3 43. Be5 Kf5 44. d6 Ke6 45. Kg2 Ng5 46. fxg5 Kxe5 1-0

[Event "COL-ch U20"]
[Site "Florencia"]
[Date "2013.04.05"]
[Round "3"]
[White "Barros, Raul Junior"]
[Black "Salamanca, Juan David"]
[Result "1-0"]
[WhiteElo "2180"]
[BlackElo "1471"]
[PlyCount "95"]
[EventDate "2013.04.04"]
[EventType "swiss"]
[EventRounds "7"]
[EventCountry "COL"]
[SourceTitle "CBM 153 Extra"]
[Source "ChessBase"]
[SourceDate "2013.04.22"]
[SourceVersion "1"]
[SourceVersionDate "2013.04.22"]
[SourceQuality "1"]

1. e4 d5 2. exd5 Qxd5 3. Nc3 Qa5 4. d4 Bf5 5. Nf3 Nf6 6. Bd2 c6 7. Ne5 e6 8. g4 Bg6 9. h4 h6 10. Nxg6 fxg6 11. Bd3 Nbd7 12. Bxg6+ Kd8 13. Qe2 Kc7 14. 0-0-0 Bb4 15. Qxe6 Nf8 16. Qf7+ Kb6 17. Bd3 a6 18. a3 Bxc3 19. Bxc3 Qd5 20. Qxg7 N8d7 21. Qe7 Rae8 22. Qb4+ Ka7 23. Rhg1 Qf3 24. d5 Nxd5 25. Bd4+ c5 26. Bxc5+ b6 27. Bxb6+ N7xb6 28. Qa5 Nc7 29. g5 Qxf2 30. g6 Qf6 31. g7 Rhg8 32. Rg6 Qd4 33. Bxa6 Qe3+ 34. Kb1 Nxa6 35. Rxb6 Qxb6 36. Rd7+ Qb7 37. Rxb7+ Kxb7 38. Qb5+ Ka7 39. Qd7+ Kb6 40. b4 Rc8 41. c4 Nc7 42. c5+ Kb7 43. b5 Rcd8 44. Qc6+ Kb8 45. Qb6+ Kc8 46. c6 Rde8 47. Qb7+ Kd8 48. b6 1-0